000 00730nam a2200217Ia 4500
003 GCL
008 140319s9999 xx 000 0 ara d
040 _aGCL /
_cGCL
082 0 4 _a947.085
_bم س
100 1 _aحسن الضيقة
245 1 0 _aالسكرتير السابع والاخير /
_cحسن الضيقة
700 1 _aنظير جاهل
700 1 _aهيلير, ميشيل
300 _a452 ص
490 _aالهيئة العامة للاستعلامات
_v0
650 0 4 _aالاتحاد السوفيتى
650 0 4 _aالحكم الشيوعى
650 0 4 _aالاتحاد السوفيتى - تاريخ
650 0 4 _aالاتحاد السوفيتى - تاريخ - العصر الحديث
942 _2ddc
_cBK
999 _c48002
_d48002